[Event "5th Classic Open 2013"]
[Site "London ENG"]
[Date "2013.12.14"]
[Round "8.5"]
[White "Arkell, Keith C"]
[Black "Grachev, Boris"]
[Result "0-1"]
[WhiteTitle "GM"]
[BlackTitle "GM"]
[WhiteElo "2438"]
[BlackElo "2669"]
[WhiteFideId "400270"]
[BlackFideId "4129199"]
[EventDate "2013.12.07"]

1. d4 e6 2. Nf3 Nf6 3. c3 c5 4. Bg5 d5 5. Nbd2 h6 6. Bh4 Nc6 7. e3 g5 8. Bg3 Nh5
9. Be5 f6 10. Ng1 Ng7 11. Bg3 Nf5 12. Qh5+ Kd7 13. Bd3 Nxg3 14. hxg3 Kc7 15. Ne2
Bd7 16. a3 Rc8 17. g4 Kb8 18. b4 cxd4 19. cxd4 Bd6 20. Nb3 Qg8 21. Qh3 e5 22.
Nc5 Bxc5 23. bxc5 h5 24. f3 Qg7 25. Qg3 hxg4 26. Kd2 gxf3 27. gxf3 Ka8 28. Rag1
Qe7 29. Qe1 b6 30. Rxh8 Rxh8 31. Rh1 Rxh1 32. Qxh1 bxc5 33. dxc5 Qxc5 34. Qh8+
Kb7 35. Qxf6 Qa5+ 36. Kd1 Qxa3 37. Nc1 g4 38. Qf7 Ne7 39. fxg4 Bxg4+ 40. Be2 Bd7
41. Nd3 Bb5 42. Ke1 Bxd3 43. Bxd3 Qd6 44. e4 d4 45. Ke2 a5 46. Qc4 Qb6 47. Qf7
Qb2+ 48. Kf3 Qa3 49. Kg4 Kb6 50. Qc4 Qc5 51. Qa6+ Kc7 52. Bc4 Qb6 53. Qa8 Kd7
54. Kf3 Qf6+ 55. Ke2 Qb6 56. Kf3 Kd6 57. Qe8 Qb7 58. Qd8+ Kc5 59. Ba2 Qa7 60.
Qe8 a4 61. Qf7 Nc6 62. Qf8+ Qe7 63. Qa8 Qa7 64. Qf8+ Qe7 65. Qa8 Qf6+ 66. Ke2
d3+ 67. Kxd3 Qf3+ 0-1

[Event "5th Classic Open 2013"]
[Site "London ENG"]
[Date "2013.12.14"]
[Round "8.6"]
[White "Kiik, Kalle"]
[Black "Gharamian, Tigran"]
[Result "0-1"]
[WhiteTitle "IM"]
[BlackTitle "GM"]
[WhiteElo "2435"]
[BlackElo "2656"]
[WhiteFideId "4500075"]
[BlackFideId "13301527"]
[EventDate "2013.12.07"]

1. g3 c5 2. Bg2 g6 3. Nf3 Bg7 4. O-O Nc6 5. c3 e5 6. e4 Nge7 7. Na3 O-O 8. Nc4
d6 9. d3 h6 10. Ne1 Be6 11. f4 exf4 12. gxf4 f5 13. Ne3 Qd7 14. Nd5 Rae8 15. Nc2
fxe4 16. dxe4 Bh3 17. Be3 Bxg2 18. Kxg2 Kh8 19. Rf3 Nxd5 20. Qxd5 Qg4+ 21. Kf2
Ne5 22. Rg3 Qh4 23. Rg1 Ng4+ 24. Ke2 Nxe3 25. Nxe3 Rxf4 26. Kd3 Rfxe4 27. Nc4
Qxh2 28. R1g2 Qh1 29. Nd2 Qd1 30. Qxe4 Rxe4 31. Kxe4 Qc2+ 32. Ke3 g5 33. Ne4
Qc1+ 34. Kd3 Be5 35. Rg4 Qd1+ 36. Nd2 Bf4 37. Rxf4 gxf4 38. Ke4 Qh1 39. Kf3 Qh3+ 0-1

[Event "5th Classic Open 2013"]
[Site "London ENG"]
[Date "2013.12.14"]
[Round "8.7"]
[White "Tania, Sachdev"]
[Black "Iordachescu, Viorel"]
[Result "0-1"]
[WhiteTitle "IM"]
[BlackTitle "GM"]
[WhiteElo "2441"]
[BlackElo "2614"]
[WhiteFideId "5007844"]
[BlackFideId "13900200"]
[EventDate "2013.12.07"]

1. d4 Nf6 2. c4 e6 3. Nf3 b6 4. g3 Ba6 5. Qc2 Bb4+ 6. Bd2 Bxd2+ 7. Nbxd2 c5 8.
d5 exd5 9. cxd5 O-O 10. e4 Bxf1 11. Kxf1 d6 12. Kg2 a6 13. Rhe1 Ra7 14. Rad1 b5
15. Nh4 g6 16. f4 Nbd7 17. Nhf3 Nb6 18. e5 dxe5 19. fxe5 Nfxd5 20. Ne4 Qe7 21.
Qxc5 Qxc5 22. Nxc5 Rc8 23. Nd3 Nc4 24. Kf2 Re7 25. Nd4 Rd7 26. Nb3 Rdd8 27. Kf3
Ne7 28. Ndc5 Rxd1 29. Rxd1 a5 30. Nd3 Nc6 31. Ke4 Re8 32. Kf4 Rd8 33. Nf2 Rc8
34. Rd5 a4 35. Nc1 Nd8 36. Ncd3 Ne6+ 37. Kf3 a3 38. b3 Nd2+ 39. Kg2 Rc2 40. Nb4
Rb2 41. Kg1 Nd4 42. Rc5 Kg7 43. Nfd3 N2f3+ 44. Kf1 Nxh2+ 45. Ke1 Nhf3+ 46. Kf1
Nd2+ 47. Ke1 Ne4 0-1

[Event "5th Classic Open 2013"]
[Site "London ENG"]
[Date "2013.12.14"]
[Round "8.8"]
[White "Sarkar, Justin"]
[Black "Bok, Benjamin"]
[Result "1-0"]
[WhiteTitle "IM"]
[BlackTitle "IM"]
[WhiteElo "2425"]
[BlackElo "2540"]
[WhiteFideId "2010011"]
[BlackFideId "1017063"]
[EventDate "2013.12.07"]

1. d4 e6 2. c4 b6 3. e4 Bb7 4. Bd3 Nc6 5. Ne2 Nb4 6. Nbc3 Nxd3+ 7. Qxd3 d6 8.
Be3 Nf6 9. f3 Be7 10. d5 c6 11. dxc6 Bxc6 12. O-O-O Qc7 13. Nd4 a6 14. Nxc6 Qxc6
15. Kb1 O-O 16. Rc1 Nd7 17. b3 Nc5 18. Qd2 Qb7 19. Rhd1 Rab8 20. Bg5 Rfd8 21. b4
f6 22. Be3 Nd7 23. f4 d5 24. cxd5 Bxb4 25. dxe6 Nf8 26. Qxd8 Rxd8 27. Rxd8 Bxc3
28. Rxc3 Qxe4+ 29. Ka1 h5 30. f5 Qe5 31. Kb2 Qb5+ 32. Kc1 Qf1+ 33. Kb2 Qb5+ 34.
Kc1 Qf1+ 35. Kd2 Qxg2+ 36. Kd3 Qf1+ 37. Kd2 Qg2+ 38. Ke1 Qh1+ 39. Ke2 Qg2+ 40.
Bf2 Qe4+ 41. Re3 Qc4+ 42. Rdd3 Qc2+ 43. Kf1 Qc1+ 44. Be1 Qc8 45. e7 Qxf5+ 46.
Bf2 1-0

[Event "5th Classic Open 2013"]
[Site "London ENG"]
[Date "2013.12.14"]
[Round "8.9"]
[White "Shyam, Sundar M."]
[Black "McDonald, Neil"]
[Result "0-1"]
[WhiteTitle "GM"]
[BlackTitle "GM"]
[WhiteElo "2534"]
[BlackElo "2418"]
[WhiteFideId "5019141"]
[BlackFideId "400629"]
[EventDate "2013.12.07"]

1. d4 e6 2. c4 f5 3. g3 Nf6 4. Bg2 d5 5. Nf3 c6 6. O-O Bd6 7. Bf4 O-O 8. Bxd6
Qxd6 9. Nbd2 Nbd7 10. Qc2 b6 11. Rac1 Ba6 12. Rfd1 Ne4 13. e3 Bb7 14. Ne1 g5 15.
Nd3 Rac8 16. b4 Ba6 17. c5 Bxd3 18. Qxd3 bxc5 19. bxc5 Qc7 20. f3 Nxd2 21. Qxd2
Kh8 22. e4 f4 23. e5 Rf7 24. Bh3 Nf8 25. Bg4 Rg7 26. Bh5 Ng6 27. Rb1 Rf8 28. g4
Nh4 29. Kf2 Rb8 30. Rb4 a5 31. Rb2 Qa7 32. Rdb1 Rgb7 33. Qc3 Rxb2+ 34. Rxb2 Kg7
35. Qc2 a4 36. Qb1 Rxb2+ 37. Qxb2 Qa6 38. Be8 Qd3 39. Bxc6 Qe3+ 40. Kf1 Nxf3 41.
Bxd5 Qg1+ 0-1

[Event "5th Classic Open 2013"]
[Site "London ENG"]
[Date "2013.12.14"]
[Round "8.10"]
[White "Houska, Jovanka"]
[Black "Hawkins, Jonathan"]
[Result "0-1"]
[WhiteTitle "IM"]
[BlackTitle "IM"]
[WhiteElo "2415"]
[BlackElo "2512"]
[WhiteFideId "405094"]
[BlackFideId "412686"]
[EventDate "2013.12.07"]

1. d4 Nf6 2. Nf3 c5 3. e3 g6 4. Be2 Bg7 5. O-O O-O 6. b3 b6 7. Bb2 Bb7 8. c4
cxd4 9. Nxd4 d5 10. cxd5 Nxd5 11. Nc3 Nd7 12. Rc1 Nc5 13. Bf3 e6 14. Nxd5 Bxd5
15. Ba3 Rc8 16. b4 Ne4 17. Rxc8 Qxc8 18. b5 Rd8 19. Qd3 f5 20. Rc1 Qd7 21. Qc2
Bxd4 22. exd4 Qxb5 23. Be7 Re8 24. Qc7 Qb2 25. Bh4 Qxd4 26. Qd7 Rf8 27. h3 Nc5
28. Rxc5 bxc5 29. Be7 Qa1+ 30. Kh2 Qe5+ 31. Kg1 Rb8 32. Bd1 Qe1+ 33. Kh2 Qxf2
34. Bf3 f4 0-1

[Event "5th Classic Open 2013"]
[Site "London ENG"]
[Date "2013.12.14"]
[Round "8.11"]
[White "Cox, John J"]
[Black "Rahman, Ziaur"]
[Result "1/2-1/2"]
[WhiteTitle "IM"]
[BlackTitle "GM"]
[WhiteElo "2382"]
[BlackElo "2496"]
[WhiteFideId "401064"]
[BlackFideId "10200037"]
[EventDate "2013.12.07"]

1. c4 e5 2. g3 Nf6 3. Bg2 h6 4. d3 Bb4+ 5. Bd2 Bxd2+ 6. Qxd2 O-O 7. Nc3 c6 8.
Nf3 Re8 9. O-O d5 10. cxd5 cxd5 11. d4 e4 12. Ne5 Nbd7 13. Rac1 Nxe5 14. dxe5
Rxe5 15. Qd4 Re7 16. Rfd1 Bg4 17. h3 Bh5 18. g4 Bg6 19. Nxd5 Nxd5 20. Qxd5 Qe8
21. Qd6 Kh8 22. e3 a6 23. Rd4 f5 24. Rc5 fxg4 25. hxg4 Qf7 26. Qd5 Qf8 27. a4
Rae8 28. a5 Bh7 29. g5 Re6 30. gxh6 gxh6 31. Rc7 Rg6 32. Qxb7 Bg8 33. Rxe4 Rb8
34. Qa7 Rd8 35. Kf1 Rd1+ 36. Ke2 Rxg2 37. Rf4 Qd6 38. Rd4 Rxd4 39. Qxd4+ Qxd4
40. exd4 Bd5 41. b4 Rg6 42. Ke3 Rf6 43. f4 Kg8 44. Rc5 Bc6 45. d5 Bb5 46. Ke4
Kf7 47. Rc1 Rd6 48. Ke5 Rd8 49. Rc7+ Rd7 50. d6 h5 51. Rc8 Be2 52. f5 Bf3 53.
Rc3 Bg2 54. Rg3 Bf1 55. f6 Kf8 56. Rg5 Rb7 57. Rxh5 Rb5+ 58. Kd4 Rxb4+ 59. Ke5
Rb5+ 60. Kd4 Rb4+ 1/2-1/2

[Event "5th Classic Open 2013"]
[Site "London ENG"]
[Date "2013.12.14"]
[Round "8.12"]
[White "Karavade, Eesha"]
[Black "Elsness, Frode"]
[Result "1-0"]
[WhiteTitle "IM"]
[BlackTitle "IM"]
[WhiteElo "2380"]
[BlackElo "2482"]
[WhiteFideId "5012600"]
[BlackFideId "1501100"]
[EventDate "2013.12.07"]

1. d4 Nf6 2. c4 e6 3. Nc3 Bb4 4. Qc2 d5 5. cxd5 exd5 6. Bg5 O-O 7. e3 h6 8. Bh4
c5 9. dxc5 Be6 10. Bd3 Nbd7 11. Ne2 Nxc5 12. O-O Rc8 13. Rfd1 Qe7 14. Rac1 Rfd8
15. Qb1 Nxd3 16. Qxd3 Rc4 17. Nd4 Rdc8 18. Nce2 g5 19. Bg3 Ne4 20. Rxc4 Rxc4 21.
f3 Nxg3 22. Nxg3 Ba5 23. Rf1 Bc7 24. Nge2 Be5 25. f4 Bh8 26. b3 Rc8 27. fxg5
hxg5 28. Nxe6 Qxe6 29. Rf5 Bf6 30. Rxd5 Re8 31. Kf2 Be5 32. Ng3 Bxg3+ 33. hxg3
Qe7 34. Kf3 Kg7 35. Qd4+ Kh7 36. g4 a6 37. Kf2 Kg6 38. Rd7 Qa3 39. Qd3+ Kg7 40.
Qd5 Qb2+ 41. Kf3 Qf6+ 42. Qf5 Re7 43. Qxf6+ Kxf6 44. Rxe7 Kxe7 45. Ke4 Ke6 46.
b4 b6 47. a4 a5 48. bxa5 bxa5 49. Kd4 Kd6 50. Kc4 1-0

[Event "5th Classic Open 2013"]
[Site "London ENG"]
[Date "2013.12.14"]
[Round "8.14"]
[White "Hebden, Mark L"]
[Black "Andersson, Tommy"]
[Result "1-0"]
[WhiteTitle "GM"]
[BlackTitle "FM"]
[WhiteElo "2560"]
[BlackElo "2370"]
[WhiteFideId "400084"]
[BlackFideId "1703803"]
[EventDate "2013.12.07"]

1. d4 Nf6 2. Nf3 g6 3. Nc3 d5 4. Bf4 Bg7 5. Qd2 O-O 6. e3 c5 7. dxc5 Nbd7 8.
O-O-O Nxc5 9. Be5 Nce4 10. Qe1 Nxc3 11. Bxc3 Bf5 12. Be5 Rc8 13. Nd4 Bd7 14. f3
Qb6 15. g4 Ne8 16. Bxg7 Nxg7 17. Nb3 e5 18. h4 Qc6 19. Rh2 d4 20. Qg3 dxe3 21.
Bd3 f5 22. Qxe5 Rce8 23. Qd4 fxg4 24. fxg4 Qc7 25. Qc4+ Qxc4 26. Bxc4+ Be6 27.
Be2 Rf4 28. Rg2 Ref8 29. Rg3 Bxb3 30. axb3 Re8 31. Re1 Rfe4 32. Kd1 Rd4+ 33. Bd3
Re5 34. h5 gxh5 35. gxh5 Rxh5 36. Ke2 b5 37. Reg1 Rd7 38. Kxe3 Re5+ 39. Kd2 a6
40. b4 Re6 41. Kc3 Rc6+ 42. Kb3 Rf6 43. Re1 h6 44. Re8+ Kf7 45. Rh8 Ke6 46. Rh7
Nh5 47. Re3+ Kd6 48. Rh8 Nf4 49. Ra8 Kc7 50. Be4 Rd4 51. Ra7+ Kb8 52. Rb7+ Kc8
53. Rh7 Nd5 54. Bf5+ Kd8 55. Rd7+ 1-0

[Event "5th Classic Open 2013"]
[Site "London ENG"]
[Date "2013.12.14"]
[Round "8.15"]
[White "Slavin, Alexey"]
[Black "Semcesen, Daniel"]
[Result "1-0"]
[WhiteTitle "IM"]
[BlackTitle "IM"]
[WhiteElo "2363"]
[BlackElo "2488"]
[WhiteFideId "24104388"]
[BlackFideId "1706993"]
[EventDate "2013.12.07"]

1. d4 f5 2. Bg5 h6 3. Bh4 g5 4. e3 Nf6 5. Bg3 d6 6. h4 Rg8 7. hxg5 hxg5 8. c4 e6
9. Nc3 Qe7 10. Qd2 Nc6 11. O-O-O Bd7 12. d5 Nd8 13. c5 e5 14. cxd6 cxd6 15. f3
a6 16. Bd3 b5 17. a3 Rc8 18. Kb1 Nb7 19. Nge2 Bg7 20. e4 f4 21. Bf2 Kf7 22. b4
Rh8 23. a4 Rxh1 24. Rxh1 Qe8 25. axb5 axb5 26. Kb2 g4 27. Ra1 gxf3 28. gxf3 Kg8
29. Ra7 Nd8 30. Nc1 Nf7 31. Bh4 Nh7 32. Qg2 Ra8 33. Rxa8 Qxa8 34. Nb3 Qa7 35.
Bf2 Qa6 36. Na1 Nhg5 37. Nc2 Bf6 38. Na3 Kf8 39. Bxb5 Qb7 40. Kb3 Bxb5 41. Naxb5
Qa6 42. Qg4 Bd8 43. Bh4 Qb6 44. Bxg5 Nxg5 45. Qf5+ Ke8 46. Qg6+ Kd7 47. Na3 Be7
48. Nc4 Qg1 49. Nxe5+ dxe5 50. Qc6+ Kd8 51. d6 Bxd6 52. Qxd6+ Kc8 53. Qxe5 Nxf3
54. Qxf4 Qf1 55. Qf5+ Kb8 56. Qf8+ Kb7 57. Qe7+ Kb8 58. Qd8+ Kb7 59. Qd5+ Kb8
60. e5 Qh3 61. b5 Qf5 62. b6 Qxe5 63. Qxf3 Qe6+ 64. Nd5 Kb7 65. Qd3 Qe1 66. Qc4
Qb1+ 67. Ka4 Qd1+ 68. Kb5 Qb1+ 69. Nb4 Qf5+ 70. Qd5+ 1-0

[Event "5th Classic Open 2013"]
[Site "London ENG"]
[Date "2013.12.14"]
[Round "8.16"]
[White "Jetzl, Joerg"]
[Black "Harika, Dronavalli"]
[Result "1/2-1/2"]
[BlackTitle "GM"]
[WhiteElo "2213"]
[BlackElo "2487"]
[WhiteFideId "1601172"]
[BlackFideId "5015197"]
[EventDate "2013.12.07"]

1. d4 g6 2. Nf3 Bg7 3. c4 d6 4. Nc3 Nd7 5. e4 e5 6. d5 a5 7. h3 Nc5 8. g4 Nf6 9.
Qc2 h5 10. g5 Nfd7 11. Be3 O-O 12. Nh4 Re8 13. Be2 Nf8 14. O-O-O b6 15. Rdg1 1/2-1/2

[Event "5th Classic Open 2013"]
[Site "London ENG"]
[Date "2013.12.14"]
[Round "8.18"]
[White "Wells, Peter K"]
[Black "Sowray, Peter J"]
[Result "1/2-1/2"]
[WhiteTitle "GM"]
[BlackTitle "FM"]
[WhiteElo "2479"]
[BlackElo "2326"]
[WhiteFideId "400327"]
[BlackFideId "400971"]
[EventDate "2013.12.07"]

1. e4 e6 2. d4 d5 3. Nd2 Nf6 4. e5 Nfd7 5. c3 c5 6. Bd3 Nc6 7. Ne2 cxd4 8. cxd4
f6 9. exf6 Nxf6 10. Nf3 Bd6 11. O-O Qc7 12. Bg5 O-O 13. Qc2 Nb4 14. Qxc7 Bxc7
15. Bb1 Bd7 16. Bf4 Bb5 17. Bxc7 Bxe2 18. Bd6 Bxf1 19. Kxf1 Nc6 20. Bxf8 Kxf8
21. Bd3 1/2-1/2

[Event "5th Classic Open 2013"]
[Site "London ENG"]
[Date "2013.12.14"]
[Round "8.19"]
[White "Bates, Caspar J"]
[Black "Cherniaev, Alexander"]
[Result "0-1"]
[BlackTitle "GM"]
[WhiteElo "2167"]
[BlackElo "2434"]
[WhiteFideId "414760"]
[BlackFideId "4117301"]
[EventDate "2013.12.07"]

1. d4 Nf6 2. c4 d6 3. Nc3 Nbd7 4. e4 e5 5. d5 Be7 6. Bd3 a6 7. Nge2 h5 8. a3 c5
9. dxc6 bxc6 10. O-O h4 11. b4 Bb7 12. Rb1 O-O 13. h3 Nh5 14. Bc2 g6 15. Bh6 Ng7
16. Be3 Ne6 17. Bb3 c5 18. Nd5 Bg5 19. Ba4 Nf6 20. Bxg5 Nxg5 21. bxc5 Bxd5 22.
exd5 dxc5 23. Bc6 Ra7 24. Nc3 Nh5 25. Re1 Qf6 26. Qg4 Nf4 27. Ne4 Nxe4 28. Rxe4
Qe7 29. Re3 f5 30. Qf3 Qd6 31. Reb3 Qf6 32. Kh2 Qg5 33. g3 hxg3+ 34. Qxg3 Qf6
35. Rb7 Rxb7 36. Rxb7 Rf7 37. Rxf7 Kxf7 38. Qb3 Qh4 39. Qe3 Qg5 40. Qg3 Qe7 41.
Qb3 Qh4 42. Qg3 Qxg3+ 43. fxg3 Nd3 44. Bb7 a5 45. h4 Nf2 46. Kg2 Ne4 47. Ba6 Kf6
48. Kf3 g5 49. Kg2 Nd6 50. hxg5+ Kxg5 51. Kf3 e4+ 52. Kf2 Kg4 53. Bb5 e3+ 54.
Kxe3 Kxg3 55. Ke2 f4 56. Kf1 f3 0-1

[Event "5th Classic Open 2013"]
[Site "London ENG"]
[Date "2013.12.14"]
[Round "8.20"]
[White "Sreeves, Clement"]
[Black "Zumsande, Martin"]
[Result "1-0"]
[BlackTitle "IM"]
[WhiteElo "2251"]
[BlackElo "2430"]
[WhiteFideId "2402564"]
[BlackFideId "4651324"]
[EventDate "2013.12.07"]

1. e4 Nf6 2. e5 Nd5 3. d4 d6 4. Nf3 dxe5 5. Nxe5 c6 6. Be2 Bf5 7. O-O Nd7 8. Nf3
e6 9. c4 N5f6 10. Nh4 Bxb1 11. Rxb1 Bd6 12. Nf3 O-O 13. b4 e5 14. dxe5 Nxe5 15.
Nxe5 Bxe5 16. Qxd8 Raxd8 17. Bf3 Bd4 18. Bf4 Rfe8 19. Rfe1 Rxe1+ 20. Rxe1 Bc3
21. Rb1 Rd4 22. Be5 Rd3 23. Bf4 Rd4 24. Be5 Rd3 25. Bg3 Rd2 26. a4 Ra2 27. b5 c5
28. Bxb7 Rxa4 29. h3 Bd4 30. Bd5 Nxd5 31. cxd5 f5 32. Bc7 Ra2 33. Rd1 Kf7 34. d6
Ke6 35. Re1+ Kd5 36. d7 Bxf2+ 37. Kf1 Bh4 38. Re5+ Kc4 39. g3 Rd2 40. b6 axb6
41. gxh4 Rxd7 42. Bxb6 Rd5 43. Re7 Rd4 44. h5 Rh4 45. Kg2 Rxh5 46. Rxg7 Rh6 47.
Rb7 Kd5 48. Ba7 c4 49. Rc7 Ra6 50. Bf2 Ra4 51. Rxh7 Ke4 52. Re7+ Kd3 53. Re3+
Kd2 54. Kf3 Ra1 55. Re2+ Kd3 56. Be1 Kd4 57. Re3 Rc1 58. h4 Rc2 59. h5 Rh2 60.
Bc3+ Kd5 61. Re5+ Kd6 62. Kf4 Rxh5 63. Bb4+ Kd7 64. Rc5 Ke6 65. Be1 Rh1 66. Re5+
Kd7 67. Bf2 Rf1 68. Kf3 Kd6 69. Re8 Kc6 70. Ke2 Rh1 71. Re5 Kd6 72. Rxf5 Rh3 73.
Rc5 Rc3 74. Rc8 Kd7 75. Rc5 Kd6 76. Ra5 Rc2+ 77. Ke3 Kc6 78. Bh4 Rh2 79. Bf6 Rh6
80. Bd4 Rh3+ 81. Ke2 Kd6 82. Rc5 Rh4 83. Bf2 Rf4 84. Rc8 Kd7 85. Rg8 Kc6 86. Rg5
Kd7 87. Ke3 Rf6 88. Bg1 Rd6 89. Ke4 Rd1 90. Bd4 Re1+ 91. Kd5 Re7 92. Rg6 c3 93.
Bxc3 Rf7 94. Ra6 Rf5+ 95. Be5 Rf7 96. Bf6 Ke8 97. Ke6 Re7+ 98. Kf5 Rb7 99. Rd6
Kf7 100. Be5 Ke7 101. Rd5 Kf7 102. Rd1 Ke7 103. Bf6+ Kf7 104. Rh1 Rd7 105. Rh7+
Ke8 106. Rh8+ Kf7 107. Be5 Ke7 108. Rb8 Kf7 109. Rb6 Ke7 110. Rh6 Kf7 111. Bd6
Kg7 112. Re6 Kf7 113. Rf6+ Kg7 114. Bf8+ Kg8 115. Ke6 Rb7 116. Be7 Rb6+ 117. Bd6
Rb7 118. Rf8+ Kg7 119. Ra8 Kh6 120. Kf6 Kh5 121. Rg8 Rb6 122. Ke5 Rb5+ 123. Kf4
Rb7 124. Be5 Rf7+ 125. Ke4 Rf2 126. Bf4 Ra2 127. Kf5 Ra5+ 128. Be5 Ra6 129. Rg3
Ra4 130. Bc3 Rc4 131. Bf6 Rc5+ 132. Be5 Rc4 133. Rg5+ Kh6 134. Rg8 1-0

[Event "5th Classic Open 2013"]
[Site "London ENG"]
[Date "2013.12.14"]
[Round "8.23"]
[White "Ansell, Simon T"]
[Black "Carr, Neil L"]
[Result "1-0"]
[WhiteTitle "IM"]
[BlackTitle "FM"]
[WhiteElo "2374"]
[BlackElo "2275"]
[WhiteFideId "402141"]
[BlackFideId "401048"]
[EventDate "2013.12.07"]

1. e4 e6 2. d4 b6 3. Nf3 Bb7 4. Bd3 c5 5. c3 Nf6 6. Qe2 d5 7. e5 Nfd7 8. Bg5 Be7
9. h4 Nc6 10. a3 Qc7 11. Bxe7 Nxe7 12. Nbd2 h6 13. b4 c4 14. Bc2 O-O-O 15. h5 g5
16. Nh2 Kb8 17. Ng4 Rdf8 18. Nf3 Bc8 19. Kd2 a6 20. Rae1 Ka7 21. Rhf1 Nc6 22.
Nfh2 f5 23. exf6 Nxf6 24. g3 Nxh5 25. a4 Ng7 26. b5 Ne7 27. Qe5 Qxe5 28. Nxe5
Ngf5 29. bxa6 Nd6 30. f3 h5 31. g4 h4 32. Rb1 Ne8 33. Rb2 Nc7 34. Rfb1 Na8 35.
a5 b5 36. Rxb5 Bxa6 37. R5b2 Bc8 38. Ba4 Rh7 39. Rb8 Rg8 40. Bc6 Ba6 41. Rxg8
Nxg8 42. Bxd5 Bc8 43. Nc6+ 1-0

[Event "5th Classic Open 2013"]
[Site "London ENG"]
[Date "2013.12.14"]
[Round "8.24"]
[White "Williams, Simon K"]
[Black "Wallace, Paul"]
[Result "1-0"]
[WhiteTitle "GM"]
[WhiteElo "2461"]
[BlackElo "2130"]
[WhiteFideId "404454"]
[BlackFideId "2500892"]
[EventDate "2013.12.07"]

1. e4 e5 2. f4 Bc5 3. Nf3 d6 4. Nc3 Nc6 5. Bb5 Bg4 6. Bxc6+ bxc6 7. h3 Bxf3 8.
Qxf3 Nf6 9. d3 O-O 10. Na4 Bb6 11. fxe5 dxe5 12. Bg5 Ba5+ 13. Ke2 Qd4 14. b3 Nd7
15. Be3 Qd6 16. g4 Bb6 17. Rhf1 Bd4 18. c3 Bb6 19. h4 Bxe3 20. Qxe3 Qe6 21. Qf3
Qe7 22. Qf2 Nb6 23. Nb2 a5 24. Nd1 a4 25. b4 Rad8 26. Ne3 c5 27. Nf5 Qd7 28.
Rad1 c4 29. d4 f6 30. dxe5 Qe6 31. Qc5 Rd3 32. g5 Nd7 33. Qe7 Qxe7 34. Nxe7+ Kf7
35. Nc6 Re8 36. gxf6 gxf6 37. Rxd3 cxd3+ 38. Kxd3 Nxe5+ 39. Nxe5+ Rxe5 40. Rf5
Re8 41. Ra5 Rd8+ 42. Ke3 Rd1 43. Rxa4 Rh1 44. Ra7 1-0

[Event "5th Classic Open 2013"]
[Site "London ENG"]
[Date "2013.12.14"]
[Round "8.25"]
[White "Guthrie, David"]
[Black "Hamitevici, Vladimir"]
[Result "1-0"]
[BlackTitle "IM"]
[WhiteElo "2195"]
[BlackElo "2508"]
[WhiteFideId "4300505"]
[BlackFideId "13902393"]
[EventDate "2013.12.07"]

1. d4 Nf6 2. c4 e6 3. Nc3 Bb4 4. e3 O-O 5. Ne2 c6 6. a3 Ba5 7. Ng3 d5 8. b4 Bc7
9. f4 Nbd7 10. c5 e5 11. Be2 exf4 12. exf4 h5 13. O-O h4 14. Nf5 Nxc5 15. Nxg7
Nce4 16. Nxe4 Nxe4 17. f5 Qd6 18. Bf4 Qxf4 19. Rxf4 Bxf4 20. Bd3 Be3+ 21. Kf1
Kxg7 22. Bxe4 dxe4 23. Qg4+ Kh7 24. Re1 Bh6 25. Rxe4 b6 26. b5 cxb5 27. Re7 Bg7
28. Qxh4+ Kg8 29. f6 Bf5 30. fxg7 Kxg7 31. Qg5+ Bg6 32. h4 Kh7 33. h5 Bd3+ 34.
Kg1 a5 35. Qf6 Bc4 36. d5 1-0

[Event "5th Classic Open 2013"]
[Site "London ENG"]
[Date "2013.12.14"]
[Round "8.26"]
[White "Fernandez, Daniel Howard"]
[Black "Mende, Andreas"]
[Result "1-0"]
[WhiteTitle "IM"]
[BlackTitle "CM"]
[WhiteElo "2381"]
[BlackElo "2161"]
[WhiteFideId "5801605"]
[BlackFideId "4631102"]
[EventDate "2013.12.07"]

1. e4 c5 2. Nf3 Nc6 3. d4 cxd4 4. Nxd4 Nf6 5. Nc3 e5 6. Ndb5 d6 7. Nd5 Nxd5 8.
exd5 Nb8 9. c4 Be7 10. Be2 O-O 11. O-O a6 12. Nc3 f5 13. f4 Bf6 14. Kh1 Nd7 15.
fxe5 Bxe5 16. Bf4 Bxf4 17. Rxf4 Qg5 18. Qd4 Qf6 19. Qxf6 Rxf6 20. Raf1 Ne5 21.
g4 g5 22. Ne4 gxf4 23. Nxf6+ Kf7 24. g5 h6 25. Bh5+ Kg7 26. Ne8+ Kh7 27. g6+
Nxg6 28. Rg1 1-0

[Event "5th Classic Open 2013"]
[Site "London ENG"]
[Date "2013.12.14"]
[Round "8.27"]
[White "Ortega Ruiz, Jose Miguel"]
[Black "Ethelontis, Alexandros N"]
[Result "1-0"]
[WhiteTitle "FM"]
[WhiteElo "2366"]
[BlackElo "2158"]
[WhiteFideId "2209713"]
[BlackFideId "405469"]
[EventDate "2013.12.07"]

1. d4 e6 2. Nf3 Nf6 3. g3 c5 4. Bg2 Nc6 5. O-O cxd4 6. Nxd4 Bc5 7. Nb3 Be7 8. c4
d5 9. cxd5 Nxd5 10. e4 Ndb4 11. Nc3 O-O 12. Be3 b6 13. Qh5 Ba6 14. Rfd1 Qc7 15.
Nb5 Qe5 16. Qxe5 Nxe5 17. Nc7 Rac8 18. Nxa6 Nxa6 19. Rac1 Rfd8 20. Rxd8+ Rxd8
21. Bf1 Nb4 22. f4 Ng4 23. Bd4 Nxa2 24. Rc7 Bd6 25. Rxa7 Nb4 26. Bxb6 Rb8 27. e5
Bf8 28. Bc7 Rc8 29. Bb5 Nd5 30. Bd6 Nge3 31. Nd4 g6 32. Bd7 Rc1+ 33. Kf2 Kg7 34.
Nxe6+ fxe6 35. Bxe6+ Kh6 36. Bxf8+ Kh5 37. Rxh7# 1-0

[Event "5th Classic Open 2013"]
[Site "London ENG"]
[Date "2013.12.14"]
[Round "8.28"]
[White "Ilfeld, Etan"]
[Black "Crouch, Colin S"]
[Result "1-0"]
[BlackTitle "IM"]
[WhiteElo "2178"]
[BlackElo "2362"]
[WhiteFideId "2803470"]
[BlackFideId "400947"]
[EventDate "2013.12.07"]

1. e4 Nc6 2. d4 e5 3. d5 Nce7 4. c4 Ng6 5. Nc3 Bc5 6. Bd3 d6 7. Nge2 Qh4 8. Ng3
Nf6 9. h3 Nf4 10. Qf3 g5 11. Bd2 g4 12. hxg4 Qxg4 13. Bxf4 Qxf4 14. Qxf4 exf4
15. Nh5 Ng4 16. Nd1 Ne5 17. Nxf4 Nxd3+ 18. Nxd3 Bd4 19. Kd2 Bd7 20. Ne3 O-O-O
21. Rh5 Rde8 22. f3 b5 23. cxb5 Bxb5 24. Rah1 Bxd3 25. Kxd3 Bxb2 26. Rxh7 Rxh7
27. Rxh7 f6 28. Nf5 Bc1 29. Nd4 Kb7 30. Ne6 Rc8 31. Rf7 Bb2 32. g4 Kb6 33. Nd4
Rh8 34. Rxf6 Rh2 35. Rf8 Bxd4 36. Kxd4 Rxa2 37. Rb8+ Ka5 38. Rb7 a6 39. Rxc7
Ra4+ 40. Ke3 Kb4 41. Rc6 Ra3+ 42. Kf4 a5 43. Rxd6 a4 44. Ra6 Ra1 45. g5 a3 46.
Kf5 a2 47. f4 1-0

[Event "5th Classic Open 2013"]
[Site "London ENG"]
[Date "2013.12.14"]
[Round "8.29"]
[White "Stanisz, Patryk"]
[Black "Ben Artzi, Ido"]
[Result "0-1"]
[WhiteElo "2165"]
[BlackElo "2341"]
[WhiteFideId "1123106"]
[BlackFideId "2810913"]
[EventDate "2013.12.07"]

1. d4 Nf6 2. c4 g6 3. Nc3 d5 4. Nf3 Bg7 5. Qb3 dxc4 6. Qxc4 O-O 7. Bf4 c6 8. e4
Qa5 9. Nd2 b5 10. Nb3 Qd8 11. Qd3 b4 12. Na4 Ba6 13. Qc2 Bxf1 14. Kxf1 Nbd7 15.
Qxc6 e5 16. dxe5 Nh5 17. Rd1 Nxf4 18. Rxd7 Qh4 19. h3 Rac8 20. Qd6 Qh5 21. g4
Qg5 22. Qe7 Qxe7 23. Rxe7 Rfd8 24. Kg1 g5 25. Nac5 a5 26. Rd7 Bxe5 27. h4 gxh4
28. Rxh4 a4 29. Nd2 Bf6 30. g5 Ng6 31. Rxh7 Kxh7 32. Rxf7+ Kh8 33. gxf6 Rxc5 34.
Nf3 Rf8 0-1